Представление документа в формате MARC21

Поле Инд. ПП Название Значение
Тип записи a
Библиографический уровень m
001 Контрольный номер 89ac8279-7f61-46c3-be8b-600027755edb
005 Дата корректировки 20111130134705.2
008 Кодируемые данные 960429 d
020 a ISBN 5-201-09886-Х
c Цена, тираж 56-00; 100-00
080 a Индекс УДК 519.8
084 a Индекс другой классификации/Индекс ББК В183
090 a Полочн. индекс В183
x Авторский знак И88
c Каталожный индекс В183
245 00 a Заглавие Исследование операций (модели, системы, решения)
b Продолж. заглавия [Сборник]
c Ответственность Рос. АН. ВЦ; [Отв. ред. Ю.П. Иванилов]
260 0_ a Место издания Москва
b Издательство ВЦ РАН
c Дата издания 1993
300 a Объем 90,[1] с.
b Иллюстрации/ тип воспроизводства ил.
504 a Библиография Библиогр. в конце ст
650 a Основная рубрика Операций исследование (мат.)
653 a Ключевые слова Исследование операций
852 p Инвентарный номер 643878, 648690
920 a Оператор Шалы
954 a Дата поступления на обработку 09.02.94
a Дата поступления на обработку 09.02.94
999 a Подразделение 2 кх.